00201nam a2200073Ia 4500008004100000100001800041245005200059260001600111170523s9999 xx 000 0 und d aWebster- J.G. 0aMedical Insstrumentation Application and Design aWiley India